000 00656nam a22001817a 4500
005 20150124131652.0
008 140917t sp||||| |||| 00| 0 esp d
020 _a849772061X
050 0 4 _aBJ 1188
_bA66 2003
100 1 _aTamayo, Juan José
245 1 0 _aAportación de las religiones a una ética universal :
_bCátedra de Teología y Ciencias de las Religiones Ignacio Ellacuría /
_cJuan José Tamayo,
250 _aPrimera edición: 2003
260 _aMadrid, España :
_bDYKINSON,
_c2003.
300 _a256 paginas,
_c21 X 15 centímetros,
650 7 _2Lemb
_aFilosofía
_xÉtica
650 7 _2Lemb
_aFilosofía
_xReligión
942 _2ddc
_cLIB
999 _c80476
_d80476